College accounting A practical approach chapters 1-25

The book covers aspects of accounting at intermediate level. The 25 chapters examine all accounting topics such as debits and credits, accounting cycle, banking procdure and control of cash payroll concepts and procudures, the epmloyer's tax responsibilities. account for bad depts, Notes recei...

Deskribapen osoa

Gorde:
Xehetasun bibliografikoak
Egile nagusia: Slater, Jefferey
Formatua: Liburua
Hizkuntza:Undetermined
Argitaratua: Upper Saddle River, NJ Prentice Hall 2005
Gaiak:
Etiketak: Etiketa erantsi
Etiketarik gabe, Izan zaitez lehena erregistro honi etiketa jartzen!
Thư viện lưu trữ: Trung tâm Học liệu Trường Đại học Cần Thơ
LEADER 00998nam a2200217Ia 4500
001 CTU_135559
008 210402s9999 xx 000 0 und d
020 |c 25.00 
082 |a 657.044 
082 |b S631 
100 |a Slater, Jefferey 
245 0 |a College accounting 
245 2 |b A practical approach chapters 1-25 
245 0 |c Jefferey Slater 
260 |a Upper Saddle River, NJ 
260 |b Prentice Hall 
260 |c 2005 
520 |a The book covers aspects of accounting at intermediate level. The 25 chapters examine all accounting topics such as debits and credits, accounting cycle, banking procdure and control of cash payroll concepts and procudures, the epmloyer's tax responsibilities. account for bad depts, Notes receiveable and notes payable. The book also has 2 chapters discussing on sales and cash receipts and purchases and cash payments 
650 |a Accounting,Kế toán 
904 |i Huỳnh Mai 
980 |a Trung tâm Học liệu Trường Đại học Cần Thơ